MARC details
| 000 -CABECERA |
| campo de control de longitud fija |
01011nam a2200253 a 4500 |
| 003 - IDENTIFICADOR DEL NÚMERO DE CONTROL |
| campo de control |
MX-MxUPN |
| 005 - FECHA Y HORA DE LA ÚLTIMA TRANSACCIÓN |
| campo de control |
20240619153836.0 |
| 008 - ELEMENTOS DE LONGITUD FIJA--INFORMACIÓN GENERAL |
| campo de control de longitud fija |
991125s1873 mx gr 001 0 spa d |
| 035 ## - NÚMERO DE CONTROL DEL SISTEMA |
| Número de control de sistema |
UPN01000013228 |
| 040 ## - FUENTE DE LA CATALOGACIÓN |
| Centro catalogador/agencia de origen |
MX-MxUPN |
| Lengua de catalogación |
spa |
| Centro/agencia transcriptor |
MX-MxUPN |
| 041 ## - CÓDIGO DE IDIOMA |
| Código de lengua del texto/banda sonora o título independiente |
spa |
| Código de lengua original |
fre |
| 050 #4 - SIGNATURA TOPOGRÁFICA DE LA BIBLIOTECA DEL CONGRESO |
| Número de clasificación |
BJ1585 |
| Número de documento/Ítem |
M44 |
| 100 1# - ASIENTO PRINCIPAL--NOMBRE PERSONAL |
| Nombre de persona |
Gérando, Joseph-Marie, |
| Títulos y otros términos asociados al nombre |
baron de, |
| Fechas asociadas al nombre |
1772-1842 |
| 9 (RLIN) |
52420 |
| 245 10 - MENCIÓN DE TÍTULO |
| Título |
Curso normal para maestros de primeras letras, ó, preceptos de educación física, moral é intelectual : |
| Resto del título |
con aplicación a las escuelas de primera enseñanza |
| 260 ## - PUBLICACIÓN, DISTRIBUCIÓN, ETC. |
| Lugar de publicación, distribución, etc. |
Veracruz : |
| Nombre del editor, distribuidor, etc. |
Imprenta de el Progreso, |
| Fecha de publicación, distribución, etc. |
1873. |
| 300 ## - DESCRIPCIÓN FÍSICA |
| Extensión |
341 páginas |
| 505 00 - NOTA DE CONTENIDO CON FORMATO PREESTABLECIDO |
| Título |
Miscelánea de economía, política y moral : extractada de las obras de Benjamín Franklin / |
| Mención de responsabilidad |
Benjamín Franklin |
| Información miscelánea |
(148 páginas). |
| 650 #4 - ASIENTO SECUNDARIO DE MATERIA - TERMINO TEMATICO |
| Término de materia o nombre geográfico como elemento de entrada |
Conducta de vida |
| 9 (RLIN) |
4416 |
| 700 1# - ASIENTO SECUNDARIO--NOMBRE DE PERSONAL |
| Nombre de persona |
Merino Ballesteros, Francisco |
| Término indicativo de función/relación |
traducción |
| 9 (RLIN) |
52421 |
| 700 1# - ASIENTO SECUNDARIO--NOMBRE DE PERSONAL |
| 9 (RLIN) |
52418 |
| Nombre de persona |
Franklin, Benjamin, |
| Fechas asociadas al nombre |
1706-1790 |
| 902 ## - ELEMENTOS DE DATOS B LOCAL, LDB (RLIN) |
| Modificó |
MaríaRobles/170624 |
| 905 ## - TIPO DE MATERIAL |
| Tipo de material |
Libro |
| 942 ## - ELEMENTOS DE PUNTO DE ACCESO ADICIONAL (KOHA) |
| Fuente del sistema de clasificación o colocación |
Library of Congress Classification |
| Tipo de ítem Koha |
Libro |
| Suprimir en OPAC |
No |